Welcome to the Holygrace Academy Library

Please use search bar below to get started

HARDY BOYS (Record no. 6914)

MARC details
000 -LEADER
fixed length control field 00511nam a22001457a 4500
020 ## - INTERNATIONAL STANDARD BOOK NUMBER
ISBN 978-1-4424-0264-5
082 ## - DEWEY DECIMAL CLASSIFICATION NUMBER
Classification number 823
Item number DIX/H
100 ## - MAIN ENTRY--AUTHOR NAME
Personal name DIXON, FRANKLIN W
245 ## - TITLE STATEMENT
Title HARDY BOYS
Remainder of title FOREVER LOST
260 ## - PUBLICATION, DISTRIBUTION, ETC. (IMPRINT)
Place of publication NEW YORK
Name of publisher SIMON & SCHUSTER
Year of publication 2011
300 ## - PHYSICAL DESCRIPTION
Number of Pages 152
520 ## - SUMMARY, ETC.
Summary, etc Supernatural thriller about a middle-aged man who dies in a fiery car crash and then struggles to return to settle a score with his former business partner with help from the spirit world.
650 ## - SUBJECT ADDED ENTRY--TOPICAL TERM
Topical Term SHORT STORY
942 ## - ADDED ENTRY ELEMENTS (KOHA)
Koha item type Books
Holdings
Withdrawn status Lost status Collection code Home library Current library Shelving location Date acquired Source of acquisition Cost, normal purchase price Full call number Accession Number Koha item type
    Fiction Main Library Main Library NEW SHELF WITH NEW ENTRY 26/10/2023 Purchase 195.00 823 DIX/H 12998 Books